| 000 | 00597nam a2200205Ia 4500 | ||
|---|---|---|---|
| 003 | OSt | ||
| 005 | 20251118110321.0 | ||
| 008 | 210210b2008 xxu||||| |||| 00| 0 eng d | ||
| 040 | _cAL | ||
| 041 | _aKannada | ||
| 082 | _a891.463 SHER | ||
| 100 |
_aSHET (Ramachandra M) Psued Aryam _dಶೇಟ್ ರಾಮಚಂದ್ರ ಎಂ) ಆರ್ಯಮ್ _9246122 |
||
| 245 |
_aRa(na)gini _bರಾ(ಣ)ಗಿನಿ |
||
| 260 |
_aUttara Kannada _bNot Mentioned _c2008 |
||
| 300 | _a144 | ||
| 650 |
_aRa(na)gini _9246123 |
||
| 690 |
_aKonkani Fiction _9246124 |
||
| 906 | _a064089 | ||
| 942 |
_2ddc _cBK |
||
| 999 |
_c139314 _d139314 |
||